Normal view MARC view
  • JAIN ,VIPUL H., AHIRRAO, Dr. R.A , PAWAR, DR.S.P. AND TADAVI, S.A

Entry Personal Name

Number of records used in: 1

001 - CONTROL NUMBER

  • control field: 8390

003 - CONTROL NUMBER IDENTIFIER

  • control field: JRU

005 - DATE AND TIME OF LATEST TRANSACTION

  • control field: 20240117103824.0

008 - FIXED-LENGTH DATA ELEMENTS

  • fixed length control field: 240117|| aca||aabn | a|a d

040 ## - CATALOGING SOURCE

  • Original cataloging agency: JRU
  • Transcribing agency: JRU

100 ## - HEADING--PERSONAL NAME

  • Personal name: JAIN ,VIPUL H., AHIRRAO, Dr. R.A , PAWAR, DR.S.P. AND TADAVI, S.A

670 ## - SOURCE DATA FOUND

  • Source citation: Work cat.: (JRU)8215: JAIN ,VIPUL H., AHIRRAO, Dr. R.A , PAWAR, DR.S.P. AND TADAVI, S.A., PRACTICAL PHARMACEUTICAL MICROBIOLOGY, 2023-2024